| 000 | 00000nam##2200000za#4500 |
| 001 | 9.644401 |
| 003 | CaOODSP |
| 005 | 20250506145324 |
| 007 | ta |
| 008 | 150407|1991||||xxc||||| f|0| 0 eng|d |
| 020 | |a0-662-18598-6 |
| 040 | |aCaOODSP|beng |
| 043 | |an-cn--- |
| 086 | 1 |aA53-1866/1991E |
| 110 | 1 |aCanada.|bAgriculture Canada. |
| 245 | 10|aTree fruit production for the Prairies Provinces / |cby Campbell G. Davidson et al. |
| 260 | |aOttawa - Ontario : |bAgriculture Canada |c1991. |
| 300 | |a45p. : |bfigs., illus. ; |c23 cm. |
| 500 | |aThis publication replaces Agriculture Canada publication 1672/E, Tree fruits for the Prairies Provinces. Contents: Tips for production.--Factors influencing planting success.--Selecting cultivars.--Establishing the trees.--Management.--Controlling pests and diseases.--More information. Previously listed on Special list 1991 No. 11 (November 29, 1991). |
| 563 | |aSoftcover |
| 590 | |a92-03|b1992-01-17 |
| 720 | 1 |aDavidson, Campbell G. |
| 775 | 08|tArboriculture fruitière dans les provinces des Prairies / |w(CaOODSP)9.678246 |
| 776 | 0#|tTree fruit production for the Prairie Provinces / |w(CaOODSP)9.696976 |
| 986 | |aPublication 1866/E |